La cría de pollos

Guardado en:
Formato: Libro
Publicado: Roma : Organización de las Naciones Unidas para la Agricultura, 1979
Series:Mejores cultivos
Materias:
Etiquetas: Agregar Etiqueta
Sin Etiquetas, Sea el primero en etiquetar este registro!
LEADER 00849nam a22002055a 4500
001 CEM.cems015648
005 20111013115213.0
008 130507s1979##################000#0#####d
003 CEMS
082 0 4 |a 636.5 
245 0 0 |a La cría de pollos 
260 |a Roma :  |b Organización de las Naciones Unidas para la Agricultura,  |c 1979 
300 |a 48 p. 
490 0 |a Mejores cultivos 
505 0 |a Cría de ganado menor en las aldeas -- Cómo elegir las aves -- Cómo alimentar las aves -- Cómo utilizan las aves los alimentos y el agua -- Cómo proteger a las aves contra las enfermedades -- Cómo alojar a las gallinas -- Cómo elegir y cuidar a las gallinas para la cría de pollitos 
653 |a Aves 
653 |a Aves-alimentación 
653 |a Gallinero 
653 |a Gallinas 
859 |a CEMS  |b BIB. CEMS - Agricultura  |h 636.5  |i C868  |p A9246.81  |t Ej.1  |v 13  |3 13